Statistics for Polish Ekstraklasa all time league table

Click here to take the quiz!

General Stats

  • This quiz has been taken 2,067 times
  • The average score is 32 of 79

Answer Stats

PlaceClub% Correct
1Legia Warszawa
99%
5Lech Poznań
98%
2Wisła Kraków
95%
21Lechia Gdańsk
87%
4Górnik Zabrze
86%
15Cracovia
85%
8Pogoń Szczecin
85%
6ŁKS Łódź
83%
3Ruch Chorzów
83%
9Śląsk Wrocław
83%
7Widzew Łódź
83%
26Arka Gdynia
82%
31Jagiellonia Białystok
79%
12Polonia Warszawa
77%
11Zagłębie Lubin
77%
30Korona Kielce
69%
28Wisła Płock
68%
51Piast Gliwice
67%
10GKS Katowice
66%
46Raków Częstochowa
66%
25Warta Poznań
66%
13Zagłębie Sosnowiec
66%
14Polonia Bytom
60%
16Stal Mielec
57%
23GKS Bełchatów
56%
33Zawisza Bydgoszcz
55%
57Podbeskidzie Bielsko-Biała
52%
70Radomiak Radom
52%
49Górnik Łęczna
51%
38Motor Lublin
51%
22Amica Wronki
50%
54GKS Tychy
48%
20Odra Opole
47%
32Stomil Olsztyn
45%
29Pogoń Lwów
41%
24Dyskobolia Grodzisk Wielkopolski
40%
35Stal Rzeszów
39%
27Garbarnia Kraków
38%
36Hutnik Kraków
38%
34Olimpia Poznań
38%
19Odra Wodzisław Śląski
34%
17Szombierki Bytom
32%
52Stal Stalowa Wola
29%
18Gwardia Warszawa
28%
56KSZO Ostrowiec Świętokrzyski
23%
41ROW Rybnik
23%
74GKS Jastrzębie
22%
42Górnik Wałbrzych
22%
50Ruch Radzionków
22%
61Unia Racibórz
22%
45Czarni Lwów
21%
58Siarka Tarnobrzeg
21%
71Górnik Polkowice
20%
40Bałtyk Gdynia
19%
67RKS Radomsko
18%
73Świt Nowy Dwór Mazowiecki
18%
47Sokół Pniewy
17%
66Szczakowianka Jaworzno
17%
44Zagłębie Wałbrzych
17%
37Warszawianka
14%
64Igloopol Dębica
12%
48Polonia Bydgoszcz
12%
72Tarnovia Tarnów
12%
531. FC Katowice
11%
77Śmigły Wilno
10%
65WKS 22 pp Siedlce
10%
39AKS Chorzów
9%
59Arkonia Szczecin
9%
75Dąb Katowice
9%
55Klub Turystów Łódź
9%
78Jutrzenka Kraków
8%
79Lechia Lwów
8%
68TKS Toruń
8%
62Hasmonea Lwów
7%
43Rymer Niedobczyce
7%
60Śląsk Świętochłowice
7%
69Podgórze Kraków
6%
76ŁTSG Łódź
5%
63OWKS Kraków
5%

Score Distribution

Percentile by Number Answered

Percent of People with Each Score

Your Score History

You have not taken this quiz